MOST work measurement systems /
Gespeichert in:
| 1. Verfasser: | |
|---|---|
| Format: | Buch |
| Sprache: | Englisch |
| Veröffentlicht: |
Boca Raton
CRC
2003
|
| Ausgabe: | 3rd ed., rev. and expanded |
| Schriftenreihe: | Industrial engineering
22. |
| Schlagworte: | |
| Tags: |
Keine Tags, Fügen Sie das erste Tag hinzu!
|
MARC
| LEADER | 00000nam a22000003a 4500 | ||
|---|---|---|---|
| 001 | 0009736 | ||
| 003 | SK-STU | ||
| 005 | 20151203124059.2 | ||
| 007 | ta | ||
| 008 | 151203s ----xo-----e------000-0-----d | ||
| 020 | |a 0-8247-0953-5 | ||
| 040 | |a STU |b slo | ||
| 041 | 0 | |a eng | |
| 044 | |a xxu | ||
| 080 | |a 331 | ||
| 100 | 1 | |a Zandin, Kjell B. |r Z6 |4 aut | |
| 245 | 1 | 0 | |a MOST work measurement systems / |c aut. Kjell B Zandin |
| 250 | |a 3rd ed., rev. and expanded | ||
| 260 | |a Boca Raton |b CRC |c 2003 | ||
| 300 | |a 519 p. | ||
| 490 | 0 | |a Industrial engineering |v 22. | |
| 650 | 0 | 7 | |a meranie práce |
| 996 | |b 284M086598 |c M* 13824-1 |l MMKN |s A |a 24 |w 0009736_0001 | ||